[Event "24.Schlosspark-Open"]
[Site "Wiesbaden-Biebrich"]
[Date "2012.08.26"]
[Round "7.1"]
[White "Korneev, Oleg"]
[Black "Schröder, Jan-Christian"]
[Result "1/2-1/2"]
[WhiteElo "2581"]
[BlackElo "2332"]
[PlyCount "80"]
[EventDate "2012.??.??"]
[WhiteTeam "vereinslos"]
[BlackTeam "SV 1920 Hofheim"]

1. e4 e5 2. Nf3 Nc6 3. Bc4 Nf6 4. d3 Be7 5. O-O d6 6. Re1 Na5 7. Bd5 c6 8. Bb3
O-O 9. Nc3 Qc7 10. h3 Nxb3 11. axb3 Re8 12. Ne2 Bf8 13. Bg5 Nd7 14. Ng3 g6 15.
Qd2 f6 16. Be3 d5 17. c3 dxe4 18. dxe4 Nc5 19. Qc2 Be6 20. b4 Nd7 21. Red1 a5
22. bxa5 Rxa5 23. c4 Rea8 24. Rab1 Ra2 25. Ne2 R2a4 26. Nd2 Nb6 27. Nc3 R4a6
28. c5 Na4 29. Nxa4 Rxa4 30. b3 Ra2 31. Rb2 Rxb2 32. Qxb2 Qa5 33. Nc4 Qb4 34.
Nb6 Re8 35. Nd7 Be7 36. Nxe5 Qxb3 37. Qxb3 Bxb3 38. Rb1 Bc2 39. Rb2 Bxe4 40.
Nd7 Kf7 1/2-1/2

[Event "24.Schlosspark-Open"]
[Site "Wiesbaden-Biebrich"]
[Date "2012.08.26"]
[Round "7.2"]
[White "Puschendorf, Steffen"]
[Black "Levin, Felix"]
[Result "0-1"]
[WhiteElo "2210"]
[BlackElo "2510"]
[PlyCount "40"]
[EventDate "2012.??.??"]
[WhiteTeam "ESV Gera"]
[BlackTeam "SV Mülheim-Nord 1931 e"]

1. d4 d6 2. c4 e5 3. Nf3 e4 4. Ng5 f5 5. Nc3 Be7 6. Nh3 c6 7. g3 Nd7 8. d5 Ne5
9. Qb3 Qa5 10. Be3 Nf6 11. Bg2 Qa6 12. dxc6 bxc6 13. c5 d5 14. O-O Nc4 15. Rac1
Nxe3 16. fxe3 O-O 17. Ng5 h6 18. h4 hxg5 19. hxg5 Ng4 20. Nxe4 Be6 0-1

[Event "24.Schlosspark-Open"]
[Site "Wiesbaden-Biebrich"]
[Date "2012.08.26"]
[Round "7.3"]
[White "Meijers, Viesturs"]
[Black "Jahnel, Günther"]
[Result "1/2-1/2"]
[WhiteElo "2492"]
[BlackElo "2282"]
[PlyCount "120"]
[EventDate "2012.??.??"]
[WhiteTeam "ESV Nickelhütte Aue"]
[BlackTeam "FVS ASP Hoyerswerda"]

1. c4 g6 2. Nc3 Bg7 3. b3 e5 4. Bb2 Ne7 5. e3 O-O 6. h4 d5 7. cxd5 Nxd5 8. Nxd5
Qxd5 9. h5 Nc6 10. hxg6 hxg6 11. Qc1 Be6 12. Nf3 Bf6 13. Bc4 Qd7 14. Bb5 Qd5
15. Bxc6 bxc6 16. Qc4 Qxc4 17. bxc4 Bxc4 18. Bxe5 Bg7 19. d4 Rfb8 20. Bxg7 Kxg7
21. Kd2 Bd5 22. Kc3 Rb5 23. Rhb1 Rab8 24. Rxb5 Rxb5 25. a4 Rb3+ 26. Kc2 Rb4 27.
a5 c5 28. dxc5 Rc4+ 29. Kd3 Rxc5 30. e4 Bb7 31. a6 Bc8 32. Nd4 f5 33. exf5 gxf5
34. f4 Kf6 35. g3 Rd5 36. Kc3 Rd6 37. Nb5 Rb6 38. Nxa7 Bxa6 39. Kd4 Bb7 40. Ra5
c6 41. Ra3 Ke6 42. Kc5 Rb1 43. Rd3 Rc1+ 44. Kb6 Rb1+ 45. Kc7 c5 46. Nc6 Bxc6
47. Kxc6 c4 48. Re3+ Kf6 49. Kd5 Rb3 50. Re6+ Kf7 51. Rc6 Rxg3 52. Ke5 c3 53.
Kxf5 Ke7 54. Ke5 Kd7 55. Rc4 Re3+ 56. Kd4 Rf3 57. Ke4 Rh3 58. Ke5 Re3+ 59. Kd4
Rf3 60. Rxc3 Rxf4+ 1/2-1/2

[Event "24.Schlosspark-Open"]
[Site "Wiesbaden-Biebrich"]
[Date "2012.08.26"]
[Round "7.5"]
[White "Boidman, Yuri"]
[Black "Gawehns, Klaus"]
[Result "1-0"]
[WhiteElo "2427"]
[BlackElo "2378"]
[PlyCount "65"]
[EventDate "2012.??.??"]
[WhiteTeam "SC Heimbach-Weis/Neuwied"]
[BlackTeam "SG Rheinbreitbach-Linz"]

1. e4 e6 2. Nf3 d5 3. Nc3 Nf6 4. e5 Nfd7 5. Ne2 c5 6. c3 Nc6 7. d4 Qb6 8. a3 a5
9. Nf4 cxd4 10. cxd4 g5 11. Nxe6 Ndxe5 12. Nexg5 Ng6 13. Bd3 Bg7 14. Qe2+ Nce7
15. Bb5+ Kf8 16. Ne5 Nxe5 17. dxe5 h6 18. Nf3 Bg4 19. h3 Bxf3 20. gxf3 Nf5 21.
f4 f6 22. e6 Ke7 23. Bd7 Qd4 24. Qc2 Qe4+ 25. Qxe4 dxe4 26. Be3 Nxe3 27. fxe3
f5 28. O-O-O Bf6 29. Rh2 Rhg8 30. Rc2 Rg3 31. Rc7 Kf8 32. Bb5 Be7 33. Rd5 1-0

[Event "24.Schlosspark-Open"]
[Site "Wiesbaden-Biebrich"]
[Date "2012.08.26"]
[Round "7.6"]
[White "Carlstedt, Jonathan"]
[Black "Müller, Ralf"]
[Result "0-1"]
[WhiteElo "2352"]
[BlackElo "2414"]
[PlyCount "116"]
[EventDate "2012.??.??"]
[WhiteTeam "Wiesbadener SV 1885"]
[BlackTeam "SG Stern Stuttgart"]

1. c4 g6 2. g3 Bg7 3. Bg2 c5 4. Nc3 Nc6 5. a3 b6 6. e4 e6 7. Nge2 Nge7 8. O-O
O-O 9. d3 Bb7 10. Be3 Rc8 11. b4 d6 12. Rb1 Qd7 13. Qd2 Nd4 14. f4 d5 15. cxd5
exd5 16. bxc5 dxe4 17. Nxe4 Nef5 18. Bf2 Bxe4 19. Bxe4 Rxc5 20. Nxd4 Bxd4 21.
Bxf5 Rxf5 22. g4 Bxf2+ 23. Rxf2 Rd5 24. f5 Rxd3 25. Qf4 Rd4 26. Qf3 Rd8 27.
Rbf1 g5 28. h4 Rf4 29. Qc3 Rxg4+ 30. Rg2 Rxg2+ 31. Kxg2 Qd2+ 32. Qxd2 Rxd2+ 33.
Kh3 gxh4 34. Kxh4 Kg7 35. Kg5 Rd5 36. Rc1 f6+ 37. Kf4 Rd4+ 38. Ke3 Ra4 39. Rg1+
Kf7 40. Rh1 Ke7 41. Rh6 Rxa3+ 42. Kd4 Ra5 43. Ke4 a6 44. Kf4 Ra4+ 45. Ke3 Rb4
46. Kd3 a5 47. Ke3 a4 48. Kd3 Rb5 49. Kc4 Rxf5 50. Rxh7+ Ke6 51. Kb4 Ra5 52.
Rb7 Ra8 53. Rxb6+ Kf5 54. Kc3 a3 55. Rb1 a2 56. Ra1 Ke4 57. Kc4 Ke3 58. Kc3 Ke2
0-1

[Event "24.Schlosspark-Open"]
[Site "Wiesbaden-Biebrich"]
[Date "2012.08.26"]
[Round "7.7"]
[White "Junesch, Gerhard"]
[Black "Minor, Samuel"]
[Result "1-0"]
[WhiteElo "2291"]
[BlackElo "2222"]
[PlyCount "33"]
[EventDate "2012.??.??"]
[WhiteTeam "SC Erdmannhausen"]
[BlackTeam "Wiesbadener SV 1885"]

1. Nf3 c5 2. c4 Nf6 3. Nc3 e6 4. g3 Be7 5. Bg2 O-O 6. d4 cxd4 7. Nxd4 a6 8. O-O
Qc7 9. Qd3 Nc6 10. b3 b6 11. Bf4 e5 12. Nf5 Ba3 13. Bg5 d5 14. Bxf6 e4 15. Nh6+
Kh8 16. Nxe4 dxe4 17. Qc3 1-0

[Event "24.Schlosspark-Open"]
[Site "Wiesbaden-Biebrich"]
[Date "2012.08.26"]
[Round "7.8"]
[White "Nagel, Bernhard"]
[Black "Sokratov, Stanislav"]
[Result "1/2-1/2"]
[WhiteElo "2223"]
[BlackElo "2165"]
[PlyCount "58"]
[EventDate "2012.??.??"]
[WhiteTeam "Wiesbadener SV 1885"]
[BlackTeam "SG Stern Stuttgart"]

1. Nf3 c5 2. c4 Nc6 3. d4 cxd4 4. Nxd4 Nf6 5. Nc3 e6 6. g3 Qb6 7. Nc2 Bc5 8. e3
d5 9. Be2 dxc4 10. Bxc4 O-O 11. O-O Rd8 12. Qe2 Ne5 13. Bb3 Bd7 14. e4 h6 15.
Bf4 Ng6 16. Be3 Bc6 17. f3 Ne5 18. Rad1 Bxe3+ 19. Nxe3 Rxd1 20. Rxd1 Rd8 21.
Rxd8+ Qxd8 22. Kg2 Qd4 23. Nc2 Qd6 24. Ne3 Qd4 25. Nc2 Qd6 26. Ne3 g5 27. Nc4
Nxc4 28. Bxc4 Nd7 29. Bb5 Ne5 1/2-1/2

[Event "24.Schlosspark-Open"]
[Site "Wiesbaden-Biebrich"]
[Date "2012.08.26"]
[Round "7.9"]
[White "Krenz, Valeriy"]
[Black "Commercon, Simon"]
[Result "1-0"]
[WhiteElo "2261"]
[BlackElo "2176"]
[PlyCount "59"]
[EventDate "2012.??.??"]
[WhiteTeam "SAbt TuS Dotzheim"]
[BlackTeam "SC Pirmasens 1912"]

1. d4 Nf6 2. Bg5 Ne4 3. Bh4 g5 4. f3 gxh4 5. fxe4 b6 6. e3 Bb7 7. Nc3 e6 8. Qh5
Qf6 9. Nf3 Be7 10. Be2 d6 11. Nd2 Qg5 12. O-O Rf8 13. Rf2 Qxh5 14. Bxh5 Bg5 15.
Rf3 Ke7 16. Raf1 f6 17. d5 Ba6 18. Re1 e5 19. Bg4 Nd7 20. Rh3 Rf7 21. Nf3 b5
22. a3 Rb8 23. b4 Nb6 24. Nxh4 Bxh4 25. Rxh4 Nc4 26. Bf5 Rh8 27. Rg4 Kf8 28.
Kf2 Rg7 29. Ra1 Rxg4 30. Bxg4 1-0

[Event "24.Schlosspark-Open"]
[Site "Wiesbaden-Biebrich"]
[Date "2012.08.26"]
[Round "7.10"]
[White "Kiese, Matth"]
[Black "Giese, Tilman"]
[Result "1-0"]
[WhiteElo "2220"]
[BlackElo "2067"]
[PlyCount "79"]
[EventDate "2012.??.??"]
[WhiteTeam "Bochumer SV 02"]
[BlackTeam "SC Turm Illingen"]

1. d4 Nf6 2. Nf3 g6 3. c4 Bg7 4. Nc3 O-O 5. e4 d6 6. Be2 Nc6 7. d5 Ne5 8. Nxe5
dxe5 9. O-O e6 10. Bg5 h6 11. Be3 Qe7 12. Rc1 Rd8 13. Qb3 b6 14. Rfd1 Bb7 15.
f3 exd5 16. Nxd5 Nxd5 17. cxd5 Rac8 18. Bb5 Rd6 19. Qa4 a6 20. Bc6 Bxc6 21.
Rxc6 Qd7 22. Rdc1 Ra8 23. Qc4 Rxc6 24. Qxc6 Qxc6 25. Rxc6 Ra7 26. d6 cxd6 27.
Rxb6 Ra8 28. Rxd6 Kf8 29. Kf1 Ke8 30. Ke2 a5 31. Rd5 Rb8 32. b3 a4 33. bxa4 Rb4
34. a5 Ra4 35. Bd2 Rxa2 36. Kd3 Ra4 37. Kc3 f6 38. Kb3 Ra1 39. Bc3 Rb1+ 40. Bb2
1-0

[Event "24.Schlosspark-Open"]
[Site "Wiesbaden-Biebrich"]
[Date "2012.08.26"]
[Round "7.11"]
[White "Seegers, Hendrik"]
[Black "Syed, Tareq"]
[Result "1-0"]
[WhiteElo "2217"]
[BlackElo "2064"]
[PlyCount "83"]
[EventDate "2012.??.??"]
[WhiteTeam "SF Neuenkirchen"]
[BlackTeam "SC Brett vor'm Kopp Ffm"]

1. d4 c6 2. Nf3 d6 3. c4 Nd7 4. Nc3 Ngf6 5. e3 e5 6. Be2 Be7 7. Qc2 O-O 8. b3
Re8 9. Bb2 Qc7 10. O-O Nf8 11. h3 Ng6 12. Rac1 Bf8 13. Rfd1 e4 14. Nd2 Qe7 15.
Nf1 h5 16. b4 b6 17. Nd2 Bf5 18. Nb3 Qd7 19. Bf1 Nh4 20. Ne2 Nh7 21. Ng3 Bg6
22. d5 c5 23. Qe2 Nf6 24. Bxf6 gxf6 25. Nxh5 Qf5 26. Nf4 Bh6 27. Nxg6 Qxg6 28.
bxc5 bxc5 29. Qg4 Bg5 30. Na5 f5 31. Qg3 Kh8 32. Nb7 f4 33. exf4 Be7 34. Qxg6
Nxg6 35. g3 Rab8 36. Rb1 Bf8 37. Rb3 Kg8 38. Rdb1 f5 39. Nxc5 Rxb3 40. Nxb3 e3
41. Re1 exf2+ 42. Kxf2 1-0

[Event "24.Schlosspark-Open"]
[Site "Wiesbaden-Biebrich"]
[Date "2012.08.26"]
[Round "7.12"]
[White "Tischendorf, Michael"]
[Black "Reinert, Stéphane"]
[Result "1-0"]
[WhiteElo "2198"]
[BlackElo "2050"]
[PlyCount "45"]
[EventDate "2012.??.??"]
[WhiteTeam "SV 1920 Hofheim"]
[BlackTeam "SC Bad Nauheim"]

1. c4 Nc6 2. g3 d5 3. cxd5 Qxd5 4. Nf3 Bg4 5. Bg2 Nf6 6. Nc3 Qd7 7. Qb3 Bxf3 8.
Bxf3 O-O-O 9. d3 e5 10. Be3 Bb4 11. O-O Ba5 12. Bxa7 Bxc3 13. bxc3 e4 14. dxe4
Rde8 15. Rab1 Na5 16. Qb4 Re5 17. Bd4 Rhe8 18. Bxe5 Rxe5 19. Qf8+ Re8 20. Qc5
Nc6 21. Qb5 b6 22. Rfd1 Qe6 23. e5 1-0

[Event "24.Schlosspark-Open"]
[Site "Wiesbaden-Biebrich"]
[Date "2012.08.26"]
[Round "7.13"]
[White "Sarközy, Benjamin"]
[Black "Haas, Frank-Martin"]
[Result "1/2-1/2"]
[WhiteElo "2075"]
[BlackElo "2184"]
[PlyCount "103"]
[EventDate "2012.??.??"]
[WhiteTeam "SC Flörsheim 1921"]
[BlackTeam "SV 1947 Walldorf"]

1. e4 e6 2. d4 d5 3. Nc3 Nf6 4. Bg5 Be7 5. e5 Nfd7 6. Bxe7 Qxe7 7. f4 Nb6 8.
Qd2 Bd7 9. Nf3 c5 10. dxc5 Qxc5 11. O-O-O Nc6 12. Nd4 Na5 13. f5 O-O-O 14. Bb5
Nac4 15. Bxd7+ Rxd7 16. Nb3 Qe7 17. Qd4 Kb8 18. Nb5 Rc8 19. Rhe1 a6 20. Nd6
Nxd6 21. exd6 Qg5+ 22. Qe3 Qxe3+ 23. Rxe3 Rxd6 24. fxe6 Rxe6 25. Rxe6 fxe6 26.
Rf1 e5 27. Rf7 Rc7 28. Rf8+ Nc8 29. Kd2 Re7 30. Rd8 d4 31. c3 Kc7 32. Rd5 dxc3+
33. bxc3 Nb6 34. Rc5+ Kd6 35. Ke3 e4 36. Rf5 g6 37. Rg5 Nd5+ 38. Kd4 Nf4 39.
Ke3 Nd5+ 40. Kd4 Nc7 41. Ke3 Nb5 42. c4 Na3 43. c5+ Kc7 44. Nd4 Nc4+ 45. Ke2
Rd7 46. Nb3 Kc6 47. Rg4 Re7 48. Rg5 Re5 49. Na5+ Kd5 50. Rxe5+ Nxe5 51. Nxb7
Kc6 52. Nd6 1/2-1/2

[Event "24.Schlosspark-Open"]
[Site "Wiesbaden-Biebrich"]
[Date "2012.08.26"]
[Round "7.14"]
[White "Nabavi, Parwis"]
[Black "Wagner, Dirk"]
[Result "1/2-1/2"]
[WhiteElo "2172"]
[BlackElo "2042"]
[PlyCount "113"]
[EventDate "2012.??.??"]
[WhiteTeam "SGEM Dreisamtal"]
[BlackTeam "SC Matt im Park Ffm"]

1. d4 d5 2. c4 e6 3. Nc3 Be7 4. Nf3 Nf6 5. Bg5 O-O 6. e3 h6 7. Bh4 Ne4 8. Bxe7
Qxe7 9. Bd3 Nxc3 10. bxc3 c5 11. O-O b6 12. e4 dxe4 13. Bxe4 Bb7 14. Qe2 cxd4
15. cxd4 Bxe4 16. Qxe4 Nd7 17. Rac1 Nf6 18. Qe3 Qb7 19. Rfd1 Rac8 20. h3 Rfd8
21. a4 Rc7 22. Rc2 Rdc8 23. Rdc1 Qa6 24. Qb3 Qb7 25. Qb5 Nd7 26. Rc3 Qe4 27. a5
Qf4 28. axb6 axb6 29. Qb4 h5 30. Qb5 g6 31. Qb2 e5 32. dxe5 Rxc4 33. Rxc4 Rxc4
34. Rd1 Nc5 35. Qxb6 Rc1 36. Qd8+ Kh7 37. Ng5+ Qxg5 38. Qxg5 Rxd1+ 39. Kh2 Ne6
40. Qf6 Kg8 41. Qf3 Re1 42. Qc3 Re2 43. Kg1 Re4 44. g3 h4 45. Kf1 Rd4 46. Ke2
g5 47. Qf3 Ra4 48. Qf6 Rd4 49. Ke3 Ra4 50. Kd3 hxg3 51. fxg3 Ra3+ 52. Kc4 Rxg3
53. Qf5 Ra3 54. Kb4 Rb3+ 55. Kc4 Ra3 56. Kb4 Rb3+ 57. Kc4 1/2-1/2

[Event "24.Schlosspark-Open"]
[Site "Wiesbaden-Biebrich"]
[Date "2012.08.26"]
[Round "7.15"]
[White "Neurohr, Jürgen"]
[Black "Seickel, Ralf"]
[Result "0-1"]
[WhiteElo "2068"]
[BlackElo "2150"]
[PlyCount "192"]
[EventDate "2012.??.??"]
[WhiteTeam "Sfr.Mainz 1928"]
[BlackTeam "vereinslos"]

1. d4 Nf6 2. c4 g6 3. Nc3 d5 4. cxd5 Nxd5 5. e4 Nxc3 6. bxc3 Bg7 7. Nf3 c5 8.
Rb1 O-O 9. Be2 b6 10. O-O Bb7 11. Qd3 Ba6 12. Qe3 Bxe2 13. Qxe2 cxd4 14. cxd4
Nc6 15. d5 Nd4 16. Nxd4 Bxd4 17. Rd1 Bg7 18. Bb2 Qd7 19. Bxg7 Kxg7 20. Qa6 Rfc8
21. h3 Rc2 22. Rxb6 axb6 23. Qxa8 Qc7 24. Qa4 Rc4 25. Qa3 Rxe4 26. Qb2+ f6 27.
Rb1 Qd6 28. Qb5 Re5 29. g3 Rxd5 30. Qxb6 Rd1+ 31. Kh2 Qxb6 32. Rxb6 Rd2 33. Kg2
Rxa2 34. h4 h5 35. Rc6 Rd2 36. Ra6 Kf7 37. Kf3 Rd6 38. Ra5 Rb6 39. Rc5 e5 40.
Ra5 Ke6 41. Ra2 Rb3+ 42. Kg2 Rb6 43. Kf3 Kf5 44. Rc2 Rb3+ 45. Kg2 g5 46. hxg5
Kxg5 47. Ra2 h4 48. gxh4+ Kxh4 49. Ra4+ Kg5 50. Ra2 Rd3 51. Rb2 Kf4 52. Ra2 Ke4
53. Rb2 Kf4 54. Ra2 Kg4 55. Rb2 f5 56. Re2 Kf4 57. Ra2 Ke4 58. Re2+ Kd4 59. f3
Kd5 60. Kf2 Ke6 61. Ra2 Kf6 62. Rb2 Kg5 63. Ra2 Kf4 64. Ra4+ Rd4 65. Ra2 Rd6
66. Ra4+ Kg5 67. Ra5 Kf6 68. Ra2 Ke6 69. Ke3 Rd4 70. Ra6+ Rd6 71. Ra5 Rb6 72.
Ra2 Rb3+ 73. Ke2 Kd5 74. Ra5+ Kd4 75. Ra4+ Kc5 76. Ra5+ Rb5 77. Ra2 Kd6 78.
Rd2+ Rd5 79. Ra2 Ke6 80. Ra6+ Rd6 81. Ra5 Rb6 82. Ra2 Kf6 83. Kf2 Rd6 84. Rb2
Kg5 85. Re2 Kf4 86. Ra2 Rd3 87. Ra4+ e4 88. fxe4 fxe4 89. Ke2 Rh3 90. Kf2 Rh2+
91. Kg1 Rc2 92. Ra3 e3 93. Kf1 Kf3 94. Ra1 Rh2 95. Kg1 Rg2+ 96. Kh1 Rg4 0-1

[Event "24.Schlosspark-Open"]
[Site "Wiesbaden-Biebrich"]
[Date "2012.08.26"]
[Round "7.16"]
[White "Feicht, Arno"]
[Black "Budzyn, Matthias"]
[Result "1-0"]
[WhiteElo "2064"]
[BlackElo "2138"]
[PlyCount "101"]
[EventDate "2012.??.??"]
[WhiteTeam "Sfr. Anderssen Wetzlar"]
[BlackTeam "SG Turm Kiel von 1910"]

1. e4 e5 2. Nf3 Nc6 3. d4 exd4 4. Nxd4 Bb4+ 5. c3 Bc5 6. Nb3 Bb6 7. Qe2 d6 8.
Be3 Nf6 9. N1d2 Qe7 10. Bxb6 axb6 11. g3 Be6 12. Bg2 O-O 13. O-O Rfe8 14. Rfe1
Qd7 15. Qd3 Bh3 16. Bxh3 Qxh3 17. Qf1 Qh6 18. Kg2 Qg6 19. f3 d5 20. exd5 Nxd5
21. Ne4 Ne5 22. Rad1 Rad8 23. Rxd5 Rxd5 24. f4 Nd7 25. c4 Rh5 26. Qd3 h6 27.
Nbd2 Qc6 28. g4 Ra5 29. b4 Raa8 30. b5 Qe6 31. f5 Qe7 32. a3 Nc5 33. Qf3 Qh4
34. Re3 Nxe4 35. Nxe4 Qe7 36. f6 Qe5 37. fxg7 Kxg7 38. Re2 Re6 39. Ng3 Qg5 40.
Rf2 f6 41. h4 Qc1 42. Nh5+ Kh8 43. Qf5 Qe3 44. Nxf6 Re7 45. g5 Rg7 46. Nh5 Qd4
47. Nxg7 Qxg7 48. Qe6 Rd8 49. g6 Qd7 50. Rf8+ Kg7 51. Qf6# 1-0

[Event "24.Schlosspark-Open"]
[Site "Wiesbaden-Biebrich"]
[Date "2012.08.26"]
[Round "7.17"]
[White "Stiefel, Roland"]
[Black "Von den Steinen, Benjamin"]
[Result "1/2-1/2"]
[WhiteElo "2059"]
[BlackElo "2137"]
[PlyCount "25"]
[EventDate "2012.??.??"]
[WhiteTeam "SSV Vimaria 91 Weimar"]
[BlackTeam "Sfr.Bitburg 1958"]

1. d4 Nf6 2. Bf4 c5 3. d5 d6 4. Nf3 g6 5. c4 Bg7 6. Nc3 O-O 7. e4 b5 8. cxb5 a6
9. bxa6 Qa5 10. Nd2 Bxa6 11. Bxa6 Qxa6 12. Qe2 Qxe2+ 13. Kxe2 1/2-1/2

[Event "24.Schlosspark-Open"]
[Site "Wiesbaden-Biebrich"]
[Date "2012.08.26"]
[Round "7.18"]
[White "Goloborodko, Dmitro"]
[Black "Marzahn, Heiko"]
[Result "1/2-1/2"]
[WhiteElo "2124"]
[BlackElo "2025"]
[PlyCount "74"]
[EventDate "2012.??.??"]
[WhiteTeam "SG Turm Idstein"]
[BlackTeam "Sfr.Erbach"]

1. d4 f5 2. c4 Nf6 3. Nc3 e6 4. g3 d5 5. Bg2 c6 6. Nf3 Bd6 7. c5 Bc7 8. Bf4
Bxf4 9. gxf4 O-O 10. b4 Ne4 11. Rc1 Bd7 12. e3 Be8 13. Ne5 Nd7 14. O-O Kh8 15.
Ne2 Rg8 16. f3 Nef6 17. h4 Nh5 18. Nxd7 Qxd7 19. Kf2 a5 20. bxa5 Rxa5 21. a4
Bg6 22. Rb1 Rga8 23. Nc3 R5a7 24. Rb4 Be8 25. Qb3 h6 26. Rh1 Qc7 27. Ne2 Bd7
28. Nc1 Rg8 29. Nd3 Bc8 30. Ne5 g6 31. Bf1 Rg7 32. Be2 Qd8 33. Qc2 Qf6 34. Rbb1
Kh7 35. Qb3 Qd8 36. Qb4 Nf6 37. Ra1 Nd7 1/2-1/2

[Event "24.Schlosspark-Open"]
[Site "Wiesbaden-Biebrich"]
[Date "2012.08.26"]
[Round "7.19"]
[White "Seifert, Norbert"]
[Black "Ruppert, Wolfgang"]
[Result "0-1"]
[WhiteElo "2028"]
[BlackElo "2124"]
[PlyCount "98"]
[EventDate "2012.??.??"]
[WhiteTeam "Sfr. Neuberg"]
[BlackTeam "SC Flörsheim 1921"]

1. Nf3 f5 2. d4 Nf6 3. c3 b6 4. g3 Bb7 5. Bg2 e6 6. Bg5 Be7 7. Bxf6 Bxf6 8.
Nbd2 O-O 9. O-O d5 10. Qc2 c5 11. Rfd1 Qe7 12. Rac1 Nc6 13. e3 Rac8 14. Qa4 g5
15. dxc5 bxc5 16. b4 cxb4 17. cxb4 Nxb4 18. Qxa7 Ra8 19. Qb6 Ra6 20. Qc7 Rf7
21. Qxe7 Rxe7 22. Nb3 Nxa2 23. Rc2 Nb4 24. Rcc1 Rb6 25. Nc5 Ba6 26. Nxa6 Nxa6
27. Nd4 Kf7 28. Bf3 Kg6 29. g4 fxg4 30. Bxg4 Bxd4 31. Rxd4 Rc7 32. Rcd1 h5 33.
Bf3 Rf7 34. Bg2 Rb2 35. R4d2 Rxd2 36. Rxd2 Nc5 37. Rc2 Nd3 38. Rd2 Ne5 39. e4
Ra7 40. Rd1 d4 41. h3 Rd7 42. Bf1 Kf6 43. Be2 h4 44. Kf1 Ng6 45. Bg4 Nf4 46.
Ra1 Rb7 47. Ke1 Rb2 48. f3 d3 49. Rd1 Ke5 0-1

[Event "24.Schlosspark-Open"]
[Site "Wiesbaden-Biebrich"]
[Date "2012.08.26"]
[Round "7.20"]
[White "Kalepky, Helmut"]
[Black "Karthaus, Carsten"]
[Result "1-0"]
[WhiteElo "2084"]
[BlackElo "1939"]
[PlyCount "75"]
[EventDate "2012.??.??"]
[WhiteTeam "Sfr.Heidesheim"]
[BlackTeam "SC Murrhardt 1948 e.V."]

1. Nf3 Nf6 2. b3 d5 3. Bb2 e6 4. g3 Bd6 5. Bg2 Nbd7 6. d4 O-O 7. O-O Re8 8. Ne5
c6 9. e3 Nf8 10. Nd2 N6d7 11. f4 f6 12. Nxd7 Nxd7 13. e4 Bf8 14. c4 Nb6 15. Qc2
Bd7 16. f5 dxe4 17. fxe6 Bxe6 18. Bxe4 h6 19. Nf3 Bf7 20. Nh4 Nc8 21. Rad1 Ne7
22. Qg2 Qc7 23. Bb1 Rad8 24. Qc2 f5 25. Nxf5 Nxf5 26. Rxf5 g6 27. Rf3 Rd7 28.
Rxf7 Rxf7 29. Qxg6+ Bg7 30. Qh7+ Kf8 31. Ba3+ Ree7 32. Bxe7+ Qxe7 33. Qe4 Qf6
34. d5 c5 35. Re1 Qf2+ 36. Kh1 Kg8 37. Bc2 Kh8 38. Qh7# 1-0

[Event "24.Schlosspark-Open"]
[Site "Wiesbaden-Biebrich"]
[Date "2012.08.26"]
[Round "7.21"]
[White "Kobs, Stephan"]
[Black "Stabolewski, Andreas"]
[Result "0-1"]
[WhiteElo "2019"]
[BlackElo "2214"]
[PlyCount "60"]
[EventDate "2012.??.??"]
[WhiteTeam "SV Esens"]
[BlackTeam "vereinslos"]

1. e4 c5 2. Nf3 Nc6 3. d4 cxd4 4. Nxd4 Nf6 5. Nc3 d6 6. Bc4 Qb6 7. Nb3 e6 8.
Be3 Qc7 9. Be2 Be7 10. O-O O-O 11. f4 b6 12. g4 Bb7 13. g5 Nd7 14. Bd3 Nb4 15.
Qh5 g6 16. Qh6 Rfe8 17. Rf3 Bf8 18. Qh4 Bg7 19. Rh3 Nf8 20. Nb5 Qd7 21. N5d4
Nxd3 22. cxd3 e5 23. f5 exd4 24. Bxd4 gxf5 25. Bxg7 Kxg7 26. Nd4 fxe4 27. Rf1
Re5 28. Rf6 exd3 29. Rh6 Be4 30. g6 Bxg6 0-1

[Event "24.Schlosspark-Open"]
[Site "Wiesbaden-Biebrich"]
[Date "2012.08.26"]
[Round "7.22"]
[White "Pioch, Thomas"]
[Black "Muuss, Klaus"]
[Result "1-0"]
[WhiteElo "2183"]
[BlackElo "2010"]
[PlyCount "83"]
[EventDate "2012.??.??"]
[WhiteTeam "Sfr.Mainz 1928"]
[BlackTeam "VSF Flintbek"]

1. Nf3 c5 2. g3 d5 3. Bg2 Nf6 4. d3 Nc6 5. Nbd2 g6 6. O-O Bg7 7. e4 dxe4 8.
dxe4 O-O 9. c3 Qc7 10. Qc2 e5 11. a4 a5 12. Nc4 Be6 13. Nfd2 Rad8 14. f4 Ne8
15. f5 Bxc4 16. Nxc4 f6 17. Ne3 Ne7 18. Qb3+ Kh8 19. fxg6 hxg6 20. Qe6 Qd7 21.
Qxd7 Rxd7 22. Nc4 Nd6 23. Rd1 Rfd8 24. Bh3 f5 25. Nb6 Rc7 26. Bg5 Nf7 27. Rxd8+
Nxd8 28. Rd1 Nf7 29. Bxe7 Rxe7 30. exf5 gxf5 31. Bxf5 Bh6 32. Nd5 Re8 33. Bg6
Kg7 34. Bxf7 Kxf7 35. Kf2 Rf8 36. Ke2 Ke6 37. Nb6 Bg5 38. Nc4 Bd8 39. Rd6+ Kf5
40. Rd5 b6 41. Rxe5+ Kg4 42. Ne3+ 1-0

[Event "24.Schlosspark-Open"]
[Site "Wiesbaden-Biebrich"]
[Date "2012.08.26"]
[Round "7.23"]
[White "Willems, Matthias"]
[Black "Bauer, Claus"]
[Result "1/2-1/2"]
[WhiteElo "1998"]
[BlackElo "2183"]
[PlyCount "99"]
[EventDate "2012.??.??"]
[WhiteTeam "SC Bad Nauheim"]
[BlackTeam "Sfr.Mainz 1928"]

1. Nf3 d6 2. c4 Nf6 3. g3 e5 4. d3 e4 5. dxe4 Nxe4 6. Nbd2 Nxd2 7. Bxd2 Be7 8.
Bc3 Bf6 9. Bxf6 Qxf6 10. Qd4 Qg6 11. Nh4 Qg5 12. Qe4+ Qe5 13. Qxe5+ dxe5 14.
Nf3 Nc6 15. O-O-O Be6 16. b3 f6 17. Bg2 Rd8 18. Rxd8+ Nxd8 19. Rd1 Bd7 20. Rd2
Bc6 21. Ne1 Ke7 22. Kc2 g6 23. Bxc6 Nxc6 24. e3 e4 25. Kc3 Ne5 26. h3 g5 27.
Rd4 f5 28. g4 Kf6 29. gxf5 Kxf5 30. Rd5 c6 31. Rd1 h5 32. Nc2 c5 33. Ne1 h4 34.
Rd5 b6 35. f4 gxf4 36. exf4 Kxf4 37. Ng2+ Kf5 38. b4 e3 39. Nxe3+ Ke4 40. bxc5
bxc5 41. Rxc5 Nd3 42. Rc7 Nf2 43. Re7+ Kf3 44. Nf5 Nxh3 45. Nxh4+ Rxh4 46. Rxa7
Ng5 47. Rd7 Ne4+ 48. Kb4 Ke3 49. a4 Nd2 50. Re7+ 1/2-1/2

[Event "24.Schlosspark-Open"]
[Site "Wiesbaden-Biebrich"]
[Date "2012.08.26"]
[Round "7.24"]
[White "Keil, Roland"]
[Black "Weiler, Dieter"]
[Result "1/2-1/2"]
[WhiteElo "2024"]
[BlackElo "2155"]
[PlyCount "38"]
[EventDate "2012.??.??"]
[WhiteTeam "SC Waiblingen 1921"]
[BlackTeam "vereinslos"]

1. e4 c5 2. Nc3 e6 3. f4 d5 4. d3 Nf6 5. e5 Nfd7 6. g3 Nc6 7. Nf3 b5 8. Bd2 b4
9. Ne2 Ba6 10. Bg2 Nb6 11. O-O Na4 12. Rb1 Nb6 13. Be3 Rc8 14. Re1 Be7 15. Bf2
g6 16. g4 h5 17. h3 hxg4 18. hxg4 Kd7 19. c4 bxc3 1/2-1/2

[Event "24.Schlosspark-Open"]
[Site "Wiesbaden-Biebrich"]
[Date "2012.08.26"]
[Round "7.25"]
[White "Bremer, Vincent"]
[Black "Kienitz, Andre"]
[Result "1/2-1/2"]
[WhiteElo "2016"]
[BlackElo "2153"]
[PlyCount "82"]
[EventDate "2012.??.??"]
[WhiteTeam "SC Lerchenberg/ZMO"]
[BlackTeam "SF Erkelenz 1959 e.V."]

1. c4 e5 2. g3 Nf6 3. Bg2 Nc6 4. Nc3 Bc5 5. e3 a6 6. Nge2 O-O 7. d4 exd4 8.
exd4 Be7 9. O-O d6 10. h3 Bf5 11. a3 Re8 12. b4 Bf8 13. g4 Bg6 14. Nf4 Ne4 15.
Bb2 Nxc3 16. Bxc3 Be4 17. f3 Bg6 18. Nxg6 hxg6 19. f4 Qh4 20. Qd3 Re7 21. d5
Nb8 22. Rae1 Nd7 23. Rxe7 Bxe7 24. g5 Re8 25. Be1 Qh5 26. Kh2 f6 27. Bf3 Qh7
28. Be4 Nf8 29. Rg1 Kf7 30. Bf2 Bd8 31. c5 fxg5 32. fxg5 Re5 33. Qf3+ Kg8 34.
Qf4 Qh5 35. Bf3 Qh7 36. Be3 Nd7 37. Bd4 Rf5 38. Qe4 Ne5 39. Bxe5 Rxe5 40. Qc4
Rf5 41. Qe4 Re5 1/2-1/2